MESTSKÁ KNIŽNICA GIRALTOVCE  - online katalóg 

Deutsch intensiv (Record no. 19202)

000 -NÁVESTIE
fixed length control field 00284nam a2200109 a 4500
008 - ÚDAJE S PEVNOU DĹŽKOU – VŠEOBECNÉ INFORMÁCIE
fixed length control field 110427s1977|||| d
020 ## - MEDZINÁRODNÉ ŠTANDARDNÉ ČÍSLO KNIHY (ISBN)
Údaje o dostupnosti 5
041 ## - KÓD JAZYKA
Kód jazyka textu/zvukovej stopy alebo samostatných nápisov nemecký
044 ## - KÓD KRAJINY VYDAVATEĽA/PRODUCENTA
Kód krajiny MARC DE
245 10 - NÁZOV
Názov Deutsch intensiv
Zvyšok názvu Grundkurs fur Ausländer
260 ## - VYDAVATEĽSKÉ ÚDAJE, DISTRIBÚCIA ATĎ.
Názov vydavateľa, distibútora atď. Veb verlag encyklopédie
Miesto publikovania, distribúcie atď. Lipsko
Dátum publikovania, distribúcie atď. 1977
Holdings
Stav stiahnutia (Blokovanie) (Withrawn status) Stav straty Stav poškodenia (Damaged status) Nie pre výpožičky (Not for loan) Spôsob nadobudnutia (Collection code) Trvalé umiestnenie Aktuálne umiestnenie Dátum nadobudnutia Náklady, bežná kúpna cena Inventárne číslo (prírastkové číslo) Full call number Dátum posledného výskytu Cena s účinnosťou od Typ jednotky Koha
        Kúpa Mestská knižnica Giraltovce Mestská knižnica Giraltovce 2019-11-29 5.00 17753 I 1410 2019-11-29 2019-11-29 Odborná literatúra pre dospelých

Powered by Koha